|
|
|
|
| LEADER |
00000nam2a2200000 4500 |
| 001 |
269050 |
| 005 |
20231101234224.0 |
| 035 |
|
|
|a (RuTPU)RU\TPU\book\292206
|
| 035 |
|
|
|a RU\TPU\book\292203
|
| 090 |
|
|
|a 269050
|
| 100 |
|
|
|a 20140912d1952 km y0rusy50 ca
|
| 101 |
0 |
|
|a rus
|
| 102 |
|
|
|a RU
|
| 105 |
|
|
|a a g 001zy
|
| 200 |
0 |
|
|a Т. 6: Подвижной состав
|f ответственный ред. тома В. Н. Сологубов
|
| 210 |
|
|
|d 1952
|
| 215 |
|
|
|a 955 с.
|c ил.
|
| 316 |
|
|
|5 63413507: М-132989
|a На титульном листе владельческая подпись: "Бутаков"
|
| 317 |
|
|
|5 63413507: М-132989
|a Поступила в НТБ в 1970 г. в составе книжного собрания профессора ТПИ И. Н. Бутакова
|
| 320 |
|
|
|a Литература и источники в конце разд.
|
| 320 |
|
|
|a Алфавитный указатель: с. 950-955
|
| 461 |
|
1 |
|0 (RuTPU)RU\TPU\book\292154
|t Технический справочник железнодорожника
|o в [13] т.
|f гл. ред. Е. Ф. Рудой
|v Т. 6: Подвижной состав
|d 1949-
|
| 606 |
1 |
|
|a Подвижной состав
|x Железные дороги
|2 stltpush
|3 (RuTPU)RU\TPU\subj\49593
|9 68379
|
| 610 |
1 |
|
|a железная дорога
|
| 610 |
1 |
|
|a подвижной состав
|
| 610 |
1 |
|
|a паровозы
|
| 610 |
1 |
|
|a тепловозы
|
| 610 |
1 |
|
|a мотовозы
|
| 610 |
1 |
|
|a автомотрисы
|
| 610 |
1 |
|
|a дизель-поезда
|
| 610 |
1 |
|
|a вагоны
|
| 610 |
1 |
|
|a автоматические тормоза
|
| 610 |
1 |
|
|a справочные издания
|
| 610 |
1 |
|
|a библиотека И. Н. Бутакова
|
| 610 |
1 |
|
|a владельческая надпись
|
| 675 |
|
|
|a 629.43
|v 3
|
| 702 |
|
1 |
|a Сологубов
|b В. Н.
|4 340
|
| 801 |
|
1 |
|a RU
|b 63413507
|c 20140912
|
| 801 |
|
2 |
|a RU
|b 63413507
|c 20190905
|g RCR
|
| 942 |
|
|
|c BK
|